| 000 | 00803nam a22001695i 4500 | ||
|---|---|---|---|
| 001 | 153386 | ||
| 003 | ES-MaACL | ||
| 005 | 20230906205213.0 | ||
| 008 | 050805s1850 fr | |||||||| ||fre d | ||
| 040 |
_aCAM _bspa _cCAM |
||
| 100 | 1 |
_aDangivillé, Emile. _9126694 |
|
| 245 | 1 | 0 |
_aTraité des falsifications des substances alimentaires et des moyens de les reconnaitre / _cpar Émile Dangivillé. |
| 260 |
_aParis : _bGoldschmidt Frères, _c1850 ( _fImprimerie Schneider) |
||
| 300 |
_a64 p., [2] h. de lám. ; _c20 cm. |
||
| 650 | 4 |
_aAlimentos- _xAdulteración. _9148900 |
|
| 852 |
_aES-MaACL _jR-1366(6) _z-- Enc. hol. _q-- Falto últimas pp.? _z-- Enc. en un vol. facticio, formando parte de la col. facticia: "Colección de memorias médicas" _zAntep. enc. al final de la obra _z.- Donat. Mateo Seoane |
||
| 999 |
_c153386 _d153386 |
||